=A incrível história de São José...da Silva (Record no. 47349)

MARC details
000 -LÍDER
campo de controle de tamanho fixo 00403 a2200157 4500
001 - NÚMERO DE CONTROLE
campo de controle 47349
020 ## - ISBN - INTERNATIONAL STANDARD BOOK NUMBER
ISBN - International Standard Book Number 9788581510828
040 ## - FONTE DA CATALOGAÇÃO
Instituição que transcreveu o registro Anchieta - Aquarius
100 ## - ENTRADA PRINCIPAL--NOME PESSOAL
Nome pessoal BASTOS, Silvino
240 10 - TÍTULO UNIFORME
Título uniforme =A incrível história de São José...da Silva
Idioma da obra por
245 10 - TÍTULO
Título =A incrível história de São José...da Silva
300 ## - DESCRIÇÃO FÍSICA
Extensão 95p.
362 0# - DATAS DE PUBLICAÇÃO E/OU DESIGNAÇÃO SEQUENCIAL
Datas de publicação e/ou designação sequencial 2014
650 #4 - ASSUNTO--TERMO TÓPICO
Cabeçalho tópico ou nome geográfico Literatura brasileira
942 ## - ELEMENTOS DE ENTRADA ADICIONADOS (KOHA)
Tipo de material Koha Livros
Holdings
Situação do descarte Situação das perdas Situação física Não pode ser emprestado Biblioteca de origem Biblioteca atual Data de aquisição Total de empréstimos Número de chamada completo Código de barras Data de último acesso Data do preço efetivo Tipo de material Koha
        Colégio Anchieta - Aquarius Colégio Anchieta - Aquarius 21/11/2023   869.93 BAS AIN 5944/AQU 21/11/2023 21/11/2023 Livros